| 000 | 00727nam a2200217 a 4500 | ||
|---|---|---|---|
| 001 | BRCA_453 | ||
| 005 | 20190320203022.0 | ||
| 008 | 860821s1985 enka---##b---#001-0#eng-# | ||
| 020 | _a0525243453 | ||
| 040 |
_aDLC _cDLC _dDLC |
||
| 050 | 4 |
_aNK7309.85.A7 _b.B43 1985 |
|
| 100 | 1 |
_aBecker, Vivienne _d1953- _91554 |
|
| 245 | 1 | 0 |
_aArt Nouveau Jewelry _cVivienne Becker. |
| 260 |
_aNueva York _bE. P. Dutton _c1985 |
||
| 300 |
_a240 p. _bil. (algunas a color) _c31 cm. |
||
| 500 | _aIncluye biografías de joyeros, catálogo de marcas e índice alfabético | ||
| 504 | _aBibliografía: p. 237 | ||
| 650 | 1 | 4 |
_aJoyería europea _xHistoria _ySiglo XIX _91555 |
| 650 | 1 | 4 |
_aDecoración y ornamentación _xArt Nouveau _91556 |
| 942 |
_2lcc _cB |
||
| 999 |
_c388 _d388 |
||